[Event "American Continental 02nd"]
[Site "Buenos Aires"]
[Date "2003.08.23"]
[Round "6"]
[White "Sosa Harrison, Jorge"]
[Black "Altamirano, Benjamin"]
[Result "1/2-1/2"]
[WhiteElo "2294"]
[BlackElo "2333"]
[PlyCount "122"]
[EventDate "2003.08.17"]
[EventType "swiss"]
[EventRounds "11"]
[EventCountry "ARG"]
[SourceTitle "CBM 097"]
[Source "ChessBase"]
[SourceDate "2003.11.11"]
[SourceVersion "1"]
[SourceVersionDate "2003.11.11"]
[SourceQuality "1"]

1. Nf3 g6 2. d4 Bg7 3. g3 c5 4. Bg2 cxd4 5. Nxd4 Nc6 6. Nxc6 bxc6 7. 0-0 Rb8 8. c3 Qb6 9. Qc2 Nf6 10. c4 c5 11. Nc3 d6 12. Rb1 0-0 13. h3 Bb7 14. e4 Bc6 15. Be3 Qb7 16. Kh2 Ne8 17. f3 Nc7 18. Qd2 Qb4 19. Rfc1 Rb7 20. Bh6 Ne6 21. Bxg7 Kxg7 22. Qd3 Nd4 23. h4 e5 24. Ne2 Rfb8 25. Nxd4 cxd4 26. Rc2 Bd7 27. Rf1 Qc5 28. Rff2 a5 29. f4 Bg4 30. Bf3 Bd7 31. Bd1 f5 32. Bf3 Rf8 33. Rce2 Rc7 34. b3 fxe4 35. Bxe4 Bg4 36. Bf3 Bf5 37. Be4 Rcf7 38. Bxf5 Rxf5 39. Re4 R8f7 40. Rd2 Qb4 41. Rde2 Qc5 42. Rd2 a4 43. bxa4 Rb7 44. g4 Rff7 45. fxe5 dxe5 46. Rde2 Qe7 47. Qg3 d3 48. Rd2 Rd7 49. Rxe5 Qb4 50. Qe3 Qxc4 51. Re4 Qc7+ 52. Qg3 Qc3 53. Qe5+ Qxe5+ 54. Rxe5 Rf4 55. Kh3 Rxa4 56. Re3 Rdd4 57. Rg3 Ra3 58. Rf3 h6 59. Rdf2 Ra7 60. Rd2 Rad7 61. a4 Rxa4 1/2-1/2